Cognitive radio architecture: the engineering foundations of radio XML (Record no. 8295)
[ view plain ]
| 000 -LEADER | |
|---|---|
| fixed length control field | 00935 a2200205 4500 |
| 020 ## - INTERNATIONAL STANDARD BOOK NUMBER | |
| International Standard Book Number | 0471742449 |
| 040 ## - CATALOGING SOURCE | |
| Original cataloging agency | DLC |
| Language of cataloging | DLC |
| 082 ## - DEWEY DECIMAL CLASSIFICATION NUMBER | |
| Classification number | 621.384 |
| 100 1# - MAIN ENTRY--PERSONAL NAME | |
| Personal name | Mitola, Joseph. |
| 245 10 - TITLE STATEMENT | |
| Title | Cognitive radio architecture: the engineering foundations of radio XML |
| Remainder of title | the engineering foundations of radio XML |
| Statement of responsibility, etc. | Joseph Mitola |
| 246 3# - VARYING FORM OF TITLE | |
| Title proper/short title | Cognitive radio architecture : the engineering foundations of radio XML [electronic resource] |
| 260 ## - PUBLICATION, DISTRIBUTION, ETC. | |
| Place of publication, distribution, etc. | Hoboken, N.J. : |
| Name of publisher, distributor, etc. | John Wiley & Sons, |
| Date of publication, distribution, etc. | 2006. |
| 300 ## - PHYSICAL DESCRIPTION | |
| Extent | xi, 473 p. : |
| Other physical details | ill. ; |
| Dimensions | 25 cm. + |
| Accompanying material | 1 CD-ROM (4 3/4 in.) |
| 538 ## - SYSTEM DETAILS NOTE | |
| System details note | System requirements for accompanying CD-ROM: IBM PC or compatible; CD-ROM drive. |
| 650 #0 - SUBJECT ADDED ENTRY--TOPICAL TERM | |
| Topical term or geographic name entry element | Software radio. |
| 650 #0 - SUBJECT ADDED ENTRY--TOPICAL TERM | |
| Topical term or geographic name entry element | XML (Document markup language) |
| 710 2# - ADDED ENTRY--CORPORATE NAME | |
| Corporate name or jurisdiction name as entry element | Wiley InterScience (Online service) |
| 856 41 - ELECTRONIC LOCATION AND ACCESS | |
| Uniform Resource Identifier | <a href="http://libproxy1.nus.edu.sg/login?url=http://www3.interscience.wiley.com/cgi-bin/homepage/?isbn=9780471773733">http://libproxy1.nus.edu.sg/login?url=http://www3.interscience.wiley.com/cgi-bin/homepage/?isbn=9780471773733</a> |
| 942 ## - ADDED ENTRY ELEMENTS (KOHA) | |
| Koha item type | Book |
| Call number prefix | 621.384 MIT |
| Source of classification or shelving scheme | |
| Withdrawn status | Lost status | Damaged status | Not for loan | Collection code | Permanent Location | Current Location | Shelving location | Date acquired | Source of acquisition | Cost, normal purchase price | Total Checkouts | Full call number | Barcode | Date last seen | Price effective from | Koha item type |
|---|---|---|---|---|---|---|---|---|---|---|---|---|---|---|---|---|
| Central Library (CL) | Central Library (CL) | General Stacks | 05/19/2009 | Star Books | 5712.83 | 621.384 MIT | SEECS009366 | 11/14/2012 | 01/05/2017 | Book |
